Flow through open channels (Record no. 11092)

000 -LEADER
fixed length control field 00492nam a22001937a 4500
001 - CONTROL NUMBER
control field 11092
003 - CONTROL NUMBER IDENTIFIER
control field BD-DhUET
008 - FIXED-LENGTH DATA ELEMENTS--GENERAL INFORMATION
fixed length control field 150214b xxu||||| |||| 00| 0 eng d
040 ## - CATALOGING SOURCE
Original cataloging agency DLC
Transcribing agency DLC
Modifying agency BD-DhUET
082 ## - DEWEY DECIMAL CLASSIFICATION NUMBER
Classification number 627.01
Item number RAJ/1981
100 ## - MAIN ENTRY--PERSONAL NAME
Personal name Raju, K G Ranga
245 ## - TITLE STATEMENT
Title Flow through open channels
250 ## - EDITION STATEMENT
Edition statement Ist ed.
260 ## - PUBLICATION, DISTRIBUTION, ETC. (IMPRINT)
Place of publication, distribution, etc. New Delhi
Name of publisher, distributor, etc. Tata Mcgraw Hill
Date of publication, distribution, etc. 1981
300 ## - PHYSICAL DESCRIPTION
Extent x, 330p.
Other physical details illus.
504 ## - BIBLIOGRAPHY, ETC. NOTE
Bibliography, etc Includes bibliographies
650 #0 - SUBJECT ADDED ENTRY--TOPICAL TERM
Topical term or geographic name as entry element Open channel flow
942 ## - ADDED ENTRY ELEMENTS (KOHA)
Koha item type General Book
Holdings
Koha issues (times borrowed) Date acquired Koha full call number Koha item type Piece designation (barcode) Location (home branch) Price effective from Shelving location Koha normalized classification for sorting Lost status Not for loan Damaged status Sublocation or collection (holding branch) Withdrawn status Koha date last seen Koha date last borrowed Source of classification or shelving scheme Copy number
 2015-02-14627.01/RAJ/1981General Book57607Central Library, BUET2015-02-14Circulation section627_010000000000000_RAJ_1981   Central Library, BUET 2017-05-27  1
 2015-02-23627.01/RAJ/1981General Book56714Central Library, BUET2015-02-23Circulation section627_010000000000000_RAJ_1981   Central Library, BUET 2015-02-23  2
12015-02-23627.01/RAJ/1981General Book56715Central Library, BUET2015-02-23Circulation section627_010000000000000_RAJ_1981   Central Library, BUET 2018-02-032018-01-27 3
12015-02-23627.01/RAJ/1981General Book77612Central Library, BUET2015-02-23Circulation section627_010000000000000_RAJ_1981   Central Library, BUET 2025-04-222018-07-17 4